| 000 | 00504cam a2200193 4500 | ||
|---|---|---|---|
| 001 | D7980 | ||
| 008 | 090401t1971 xxu||||| |||| 00| 0 eng d | ||
| 035 | _a(Sirsi) u10476 | ||
| 041 | _aeng | ||
| 050 | _a333.3234 | ||
| 100 | _aPreston, C.H.S. | ||
| 245 | _aPreston & Newsom`s Restrictive covenants affecting freehold land | ||
| 260 |
_aLondon _bSweet & Maxwell _c1971 |
||
| 300 | _axxxviii. 328p. 23cm | ||
| 350 | _a8.5 | ||
| 520 | _a5th edition by G H Newsom | ||
| 942 | _n0 | ||
| 948 | _c04/03/1997 | ||
| 999 |
_c86746 _d86746 |
||